Protestantismos y procesos sociales en Centroamérica /

সংরক্ষণ করুন:
গ্রন্থ-পঞ্জীর বিবরন
প্রধান লেখক: Samandú, Luis E.
সংস্থা লেখক: CSUCA. Programa Centroamericano de Investigaciones
অন্যান্য লেখক: comp
বিন্যাস: পাঠ‍্য
প্রকাশিত: San José: EDUCA
ট্যাগগুলো: ট্যাগ যুক্ত করুন
কোনো ট্যাগ নেই, প্রথমজন হিসাবে ট্যাগ করুন!

MARC

LEADER 00000 a a2200000 04500
001 22156
003
040
020 |a 9977-30-172-7  
090 |a 150100  
100 |a Samandú, Luis E.  
110 |a CSUCA. Programa Centroamericano de Investigaciones  
245 |a Protestantismos y procesos sociales en Centroamérica /  |c Luis E. Samandú  
260 |a San José:   |b EDUCA  
300 |a 302 p.   |b **no definido**  
700 |a comp  
999 |c 1468  |d 1468